[Event "L. Polugaevsky Memorial 2012"]
[Site "Samara"]
[Date "2012.07.06"]
[Round "2.25"]
[White "Dvoirys, Semen I"]
[Black "Gusarov, Aleksey"]
[Result "1/2-1/2"]
[WhiteElo "2580"]
[BlackElo "1877"]
[PlyCount "114"]
[EventDate "2012.07.05"]

1. e4 c6 2. Nc3 d5 3. Qe2 d4 4. Nd1 c5 5. f4 Nc6 6. Nf3 Nf6 7. g3 Qa5 8. c3 Bg4
9. Nf2 Bxf3 10. Qxf3 e5 11. Bc4 Bd6 12. Ng4 Qd8 13. O-O h5 14. Nxf6+ Qxf6 15.
d3 h4 16. f5 hxg3 17. hxg3 Rh7 18. Qg4 Be7 19. Bd2 O-O-O 20. Kg2 Rdh8 21. Rh1
Rxh1 22. Rxh1 Rxh1 23. Kxh1 Kc7 24. Kg2 a6 25. Qh5 Nd8 26. cxd4 cxd4 27. Qh8
Qb6 28. b4 Qf6 29. a4 g6 30. Qh7 gxf5 31. Qxf5 Qxf5 32. exf5 f6 33. Kf3 Kb6 34.
b5 axb5 35. axb5 Kc5 36. Ke4 b6 37. Bc1 Kb4 38. Bd2+ Kc5 39. Bc1 Kb4 40. Kd5
Kc3 41. g4 Bf8 42. g5 Kc2 43. gxf6 Kxc1 44. Kxe5 Bc5 45. f7 Kd2 46. Kf6 Bf8 47.
Kg6 Ke3 48. f6 Kf4 49. Kh7 Ke5 50. Kg8 Bh6 51. f8=Q Bxf8 52. Kxf8 Kxf6 53. Ke8
Nb7 54. Kd7 Ke5 55. Bg8 Nc5+ 56. Kc6 Nxd3 57. Kxb6 Kd6 1/2-1/2

[Event "L. Polugaevsky Memorial 2012"]
[Site "Samara"]
[Date "2012.07.06"]
[Round "2.26"]
[White "Rozhko, Dmitry"]
[Black "Korovin, Mikhail"]
[Result "1-0"]
[WhiteElo "2406"]
[BlackElo "2110"]
[PlyCount "73"]
[EventDate "2012.07.05"]

1. d4 e6 2. Nf3 Nf6 3. Bf4 b6 4. e3 Bb7 5. Be2 Be7 6. h3 O-O 7. O-O Ne4 8. Nbd2
f5 9. Nxe4 fxe4 10. Nd2 d5 11. f3 Bg5 12. fxe4 Bxf4 13. Rxf4 Rxf4 14. exf4 dxe4
15. Nc4 Nc6 16. c3 Qf6 17. Qd2 Rf8 18. Rf1 Ne7 19. Ne3 Nd5 20. g3 c5 21. dxc5
bxc5 22. Bc4 Rd8 23. Rd1 Rd7 24. f5 Qe5 25. fxe6 Qxg3+ 26. Ng2 Rd6 27. e7 Kf7
28. Qf4+ Qxf4 29. Nxf4 Kxe7 30. Nxd5+ Bxd5 31. Rxd5 Rg6+ 32. Kf2 Rf6+ 33. Kg3
Rf3+ 34. Kg2 Kf6 35. Rxc5 g5 36. Rc7 Ke5 37. Rxh7 1-0

[Event "L. Polugaevsky Memorial 2012"]
[Site "Samara"]
[Date "2012.07.06"]
[Round "2.27"]
[White "Shaydullina, Sandugach"]
[Black "Yandarbiev, Ruslan"]
[Result "0-1"]
[WhiteElo "2160"]
[BlackElo "2375"]
[PlyCount "96"]
[EventDate "2012.07.05"]

1. d4 Nf6 2. c4 e6 3. Nc3 Bb4 4. Qc2 O-O 5. a3 Bxc3+ 6. Qxc3 d6 7. Bg5 Nbd7 8.
Nf3 h6 9. Bh4 b6 10. e3 Bb7 11. Be2 Rc8 12. b4 g5 13. Bg3 Ne4 14. Qc2 f5 15.
O-O-O Qf6 16. Qb2 a5 17. h4 g4 18. Ne1 axb4 19. axb4 Ra8 20. Rd3 Ra4 21. Bd1
Ra7 22. Ra3 Rxa3 23. Qxa3 Ra8 24. Qb2 b5 25. c5 Nxg3 26. fxg3 dxc5 27. bxc5
Nxc5 28. Bc2 Ne4 29. Qxb5 Bd5 30. Nd3 Qf8 31. Qb4 Qxb4 32. Nxb4 Nxg3 33. Re1
Bxg2 34. Kb2 Rb8 35. Ka3 Be4 36. Bb3 Kf7 37. Rc1 Rb7 38. d5 exd5 39. Bxd5+ Bxd5
40. Nxd5 Ke6 41. Nxc7+ Ke5 42. Rc6 Ke4 43. Re6+ Kf3 44. Nd5 Ne2 45. Rxh6 g3 46.
Rh5 Rf7 47. Rg5 g2 48. Nf4 g1=Q 0-1

[Event "L. Polugaevsky Memorial 2012"]
[Site "Samara"]
[Date "2012.07.06"]
[Round "2.28"]
[White "Rotmistrov, Aleksandr"]
[Black "Bakin, Alexander"]
[Result "0-1"]
[WhiteElo "1835"]
[BlackElo "2176"]
[PlyCount "40"]
[EventDate "2012.07.05"]

1. e4 c6 2. d4 d5 3. exd5 cxd5 4. c4 Nf6 5. Nc3 Nc6 6. Bg5 dxc4 7. Bxc4 e6 8.
Nf3 Be7 9. O-O O-O 10. Re1 h6 11. Bh4 b6 12. a3 Bb7 13. Bd3 Nh5 14. Bxe7 Nxe7
15. Rc1 Nf4 16. Bb1 Rc8 17. Qc2 Nf5 18. Qd2 Nxg2 19. Kxg2 Nh4+ 20. Kf1 Ba6+ 0-1

[Event "L. Polugaevsky Memorial 2012"]
[Site "Samara"]
[Date "2012.07.06"]
[Round "2.29"]
[White "Liberman, Evgeny"]
[Black "Sazonova, Anastasia"]
[Result "1-0"]
[WhiteElo "2213"]
[BlackElo "1939"]
[PlyCount "77"]
[EventDate "2012.07.05"]

1. e4 c5 2. Nf3 d6 3. c3 Nf6 4. Be2 Nc6 5. d3 e6 6. Nbd2 Be7 7. Nf1 O-O 8. Ng3
d5 9. Qc2 d4 10. O-O b5 11. cxd4 Nxd4 12. Nxd4 cxd4 13. f4 Qb6 14. Kh1 Bd7 15.
Bf3 Rac8 16. Qf2 Rfd8 17. e5 Ne8 18. Ne4 Bc6 19. g4 Qc7 20. Qg3 Bxe4 21. Bxe4
Bf8 22. f5 g6 23. fxe6 fxe6 24. Bg5 Rd7 25. Rf2 Rf7 26. Rc1 Qd7 27. Rcf1 Rxf2
28. Rxf2 Bg7 29. h4 Rc5 30. Bf6 Bxf6 31. exf6 Nd6 32. Qf3 Qf7 33. b4 Rc8 34.
Qf4 Qc7 35. Qe5 Nf7 36. Qxe6 Rf8 37. Kg2 Qc1 38. Bd5 Qd1 39. Qe4 1-0

[Event "L. Polugaevsky Memorial 2012"]
[Site "Samara"]
[Date "2012.07.06"]
[Round "2.30"]
[White "Travkina, Anastasia"]
[Black "Chekletsov, Egor"]
[Result "1-0"]
[WhiteElo "2169"]
[BlackElo "1917"]
[PlyCount "57"]
[EventDate "2012.07.05"]

1. e4 c5 2. Nf3 e6 3. d4 cxd4 4. Nxd4 a6 5. Bd3 Qc7 6. O-O Nf6 7. Qe2 d6 8. c4
Nbd7 9. Nc3 Be7 10. f4 O-O 11. Kh1 Re8 12. Bd2 b6 13. Rae1 g6 14. e5 Nh5 15.
Be4 Bb7 16. f5 Bxe4 17. fxe6 Nxe5 18. exf7+ Nxf7 19. Qxe4 Ne5 20. Nd5 Qb8 21.
Nxe7+ Rxe7 22. Qd5+ Kh8 23. Nc6 Nxc6 24. Qxc6 Rxe1 25. Bxe1 Qg8 26. Bc3+ Ng7
27. Qd7 Rf8 28. Qxg7+ Qxg7 29. Rxf8# 1-0

[Event "L. Polugaevsky Memorial 2012"]
[Site "Samara"]
[Date "2012.07.06"]
[Round "2.31"]
[White "Bobrov, Vitaly"]
[Black "Kabanova, Ekaterina"]
[Result "1-0"]
[WhiteElo "1925"]
[BlackElo "2164"]
[PlyCount "169"]
[EventDate "2012.07.05"]

1. e4 c5 2. Nf3 a6 3. c3 e6 4. d4 Qc7 5. Bd3 d6 6. O-O Be7 7. Bf4 Nd7 8. d5 e5
9. Be3 Nf8 10. Nbd2 Bg4 11. Qc2 Bxf3 12. Nxf3 Nf6 13. h3 Ng6 14. Nd2 O-O 15. a4
b6 16. Rfc1 h6 17. b4 Nd7 18. g3 Bg5 19. Bxg5 hxg5 20. Nf3 f6 21. Qe2 a5 22. b5
Kf7 23. Kg2 Rh8 24. Nd2 Rag8 25. Qg4 Ndf8 26. Nc4 Rh6 27. Qc8 Qd7 28. Qxd7+
Nxd7 29. Nxd6+ Kf8 30. Nf5 Rh7 31. d6 Ke8 32. Bc4 Rgh8 33. Rh1 Ngf8 34. Ne7 g6
35. Rad1 Kd8 36. Bd5 Rh6 37. Rd3 R6h7 38. c4 Ke8 39. Bc6 Kf7 40. Bd5+ Ke8 41.
Rdd1 Rh6 42. Rh2 Nb8 43. Bc6+ Kf7 44. Nd5 Nfd7 45. Nc7 f5 46. Bd5+ Kf6 47. Rdh1
Rd8 48. h4 g4 49. Ne6 Re8 50. Ng5 f4 51. f3 fxg3 52. Kxg3 gxf3 53. Nxf3 Kg7 54.
Ng5 Nf6 55. Ne6+ Kh8 56. Rf1 Nbd7 57. Ng5 Kg7 58. Bc6 Nh5+ 59. Kf2 Rf8+ 60. Ke1
Rxf1+ 61. Kxf1 Nhf6 62. Bxd7 Nxd7 63. Kf2 Rh8 64. Rh3 Rf8+ 65. Rf3 Rxf3+ 66.
Kxf3 Kf6 67. Kg4 Nf8 68. Kh3 Nd7 69. Kg4 Nf8 70. Nf3 Ne6 71. Nd2 Nd8 72. Nf1
Nf7 73. d7 Ke7 74. Ne3 Kxd7 75. Nd5 Ke6 76. Nxb6 Nd6 77. Kg5 Kf7 78. Nd7 Nxe4+
79. Kg4 Ke6 80. Nb6 Nd6 81. Kg5 Nf5 82. Nd5 e4 83. Kf4 Nxh4 84. b6 Kd6 85. b7
1-0

[Event "L. Polugaevsky Memorial 2012"]
[Site "Samara"]
[Date "2012.07.06"]
[Round "2.32"]
[White "Velichko, Arseny"]
[Black "Sazonova, Elena N"]
[Result "1/2-1/2"]
[WhiteElo "1914"]
[BlackElo "2159"]
[PlyCount "98"]
[EventDate "2012.07.05"]

1. d4 Nf6 2. c4 g6 3. Nc3 d5 4. cxd5 Nxd5 5. Nf3 Bg7 6. Qb3 Nb6 7. Bf4 c6 8. e3
O-O 9. Rd1 a5 10. h4 Be6 11. Qc2 Nd5 12. Nxd5 Qxd5 13. b3 a4 14. Bc4 Qa5+ 15.
Kf1 axb3 16. axb3 Bxc4+ 17. bxc4 b5 18. g4 Nd7 19. Kg2 bxc4 20. Qxc4 Qd5 21.
Rc1 Rfc8 22. h5 Qe4 23. Kg3 Qd5 24. hxg6 hxg6 25. Ng5 e5 26. dxe5 Qxc4 27. Rxc4
Nxe5 28. Bxe5 Bxe5+ 29. f4 Bg7 30. Rhc1 Ra3 31. Kf2 Ra6 32. Ne4 Kf8 33. Nc5 Ra1
34. Rxa1 Bxa1 35. Nb3 Bf6 36. e4 Ke8 37. e5 Bd8 38. Kf3 Bb6 39. Ke4 Kd7 40. Ra4
Rh8 41. f5 gxf5+ 42. Kxf5 Rh2 43. Rf4 Ke7 44. g5 Rb2 45. Rb4 Rf2+ 46. Ke4 Bc7
47. Nd4 Kd7 48. Rc4 Rg2 49. Kf4 Bxe5+ 1/2-1/2

[Event "L. Polugaevsky Memorial 2012"]
[Site "Samara"]
[Date "2012.07.06"]
[Round "2.33"]
[White "Mirzaev, Aziz"]
[Black "Strunin, Anton"]
[Result "1-0"]
[WhiteElo "2154"]
[BlackElo "1889"]
[PlyCount "105"]
[EventDate "2012.07.05"]

1. d4 d5 2. c4 e6 3. Nc3 Nf6 4. Bg5 Be7 5. e3 O-O 6. cxd5 Nxd5 7. Bxe7 Qxe7 8.
Nf3 b6 9. Nxd5 exd5 10. Bd3 Bb7 11. Rc1 Nc6 12. O-O h6 13. a3 Nd8 14. b4 Ne6
15. Bb1 Rfc8 16. Qd3 Nf8 17. b5 a6 18. a4 Qb4 19. Ne5 Qxa4 20. Qf5 f6 21. Ng6
Qb4 22. Nxf8 Qxf8 23. Qh7+ Kf7 24. Bg6+ Ke7 25. Bf5 axb5 26. Bxc8 Rxc8 27. Ra1
c5 28. Ra7 Rc7 29. e4 Kf7 30. exd5 Qb8 31. d6 Qxa7 32. dxc7 Bc8 33. Re1 Qxc7
34. Qe4 Qd7 35. d5 Bb7 36. Rd1 Qd6 37. h4 Qe5 38. Qg4 f5 39. Qh5+ g6 40. Qxh6
Bxd5 41. Qh7+ Kf6 42. Qh8+ Ke6 43. Qe8+ Kd6 44. Qb8+ Ke6 45. Qxb6+ Qd6 46. Qxb5
Qc6 47. Qe2+ Kd6 48. Re1 Kc7 49. Qe7+ Kb6 50. Rb1+ Ka6 51. Qe5 Ka5 52. Qc3+ Ka4
53. Qa1+ 1-0

[Event "L. Polugaevsky Memorial 2012"]
[Site "Samara"]
[Date "2012.07.06"]
[Round "2.35"]
[White "Sviridova, Vlada"]
[Black "Chekalkina, Viktoria"]
[Result "1-0"]
[WhiteElo "2115"]
[BlackElo "1834"]
[PlyCount "61"]
[EventDate "2012.07.05"]

1. d4 d5 2. c4 e6 3. Nf3 Nf6 4. e3 b6 5. Nbd2 Bd6 6. Bd3 Bb7 7. O-O O-O 8. Qe2
c5 9. dxc5 Bxc5 10. e4 Nc6 11. e5 dxc4 12. Nxc4 Nb4 13. Bb1 Bxf3 14. Qxf3 Nfd5
15. Qg3 Qc7 16. Qh4 g6 17. Bg5 Nc6 18. Bf6 Bd4 19. Be4 Nxe5 20. Bxd5 exd5 21.
Qxd4 Nxc4 22. Qxd5 Qd6 23. Qxd6 Nxd6 24. Be7 Nc4 25. Bxf8 Kxf8 26. b3 Na3 27.
Rac1 Nb5 28. Rfd1 h5 29. a4 Na3 30. Rc7 b5 31. Rdd7 1-0

[Event "L. Polugaevsky Memorial 2012"]
[Site "Samara"]
[Date "2012.07.06"]
[Round "2.36"]
[White "Idrisova, Roza"]
[Black "Shur, Tatiana"]
[Result "1-0"]
[WhiteElo "2101"]
[BlackElo "1794"]
[PlyCount "91"]
[EventDate "2012.07.05"]

1. d4 d5 2. c4 e6 3. Nc3 Nf6 4. Bg5 Bb4 5. cxd5 exd5 6. e3 c6 7. Qc2 Nbd7 8.
Bd3 O-O 9. Bxh7+ Kh8 10. Bd3 Qa5 11. Nge2 c5 12. O-O cxd4 13. exd4 Qc7 14. Bf4
Qd8 15. Ng3 Re8 16. Nb5 Nf8 17. Nc7 Ne6 18. Be5 Nxc7 19. Bxc7 Qe7 20. Rac1 Be6
21. a3 Bd6 22. Bxd6 Qxd6 23. Qc7 Qe7 24. Qf4 Rac8 25. h3 Rc6 26. Bb5 Rxc1 27.
Rxc1 Bd7 28. Bd3 Ne4 29. Re1 Qf6 30. Qxf6 Nxf6 31. Rxe8+ Nxe8 32. Nf1 Kg8 33.
Ne3 Be6 34. f4 g6 35. g4 Nd6 36. f5 gxf5 37. gxf5 Bc8 38. Nxd5 Kf8 39. Ne3 f6
40. Kf2 Kg7 41. Kg3 Kh6 42. Kf4 Kh5 43. Nd5 Ne8 44. Be2+ Kh4 45. Bg4 Nd6 46.
Ne3 1-0

[Event "L. Polugaevsky Memorial 2012"]
[Site "Samara"]
[Date "2012.07.06"]
[Round "2.37"]
[White "Maslova, Polina"]
[Black "Popelyshev, Igor V"]
[Result "1/2-1/2"]
[WhiteElo "1824"]
[BlackElo "2095"]
[PlyCount "80"]
[EventDate "2012.07.05"]

1. e4 c6 2. Nf3 d6 3. d4 Nd7 4. Bd3 e5 5. O-O Ngf6 6. Nbd2 Be7 7. Re1 O-O 8.
Nc4 Qc7 9. c3 Re8 10. h3 Bf8 11. Bg5 g6 12. Qc2 Bg7 13. Rad1 h6 14. Bh4 Nh5 15.
dxe5 dxe5 16. Bf1 Ndf6 17. Rd2 b5 18. Nd6 Re6 19. Red1 Bf8 20. Nxc8 Rxc8 21. c4
g5 22. Bg3 Bb4 23. Re2 Bc5 24. Bh2 Qe7 25. Kh1 Nf4 26. Bxf4 exf4 27. e5 Nd7 28.
cxb5 Nxe5 29. Nxe5 Rxe5 30. Rxe5 Qxe5 31. bxc6 f3 32. g3 h5 33. Rc1 Rxc6 34. b4
Bxf2 35. Qxc6 Qxg3 36. Qc8+ Kg7 37. Qc3+ Kg8 38. Qc8+ Kg7 39. Qc3+ Kg8 40. Qc8+
Kg7 1/2-1/2

[Event "L. Polugaevsky Memorial 2012"]
[Site "Samara"]
[Date "2012.07.06"]
[Round "2.38"]
[White "Smetanov, Nikolay"]
[Black "Velichko, Artemy"]
[Result "1-0"]
[WhiteElo "2095"]
[BlackElo "1761"]
[PlyCount "25"]
[EventDate "2012.07.05"]

1. e4 e6 2. d4 d5 3. Nd2 c5 4. c3 cxd4 5. cxd4 dxe4 6. Nxe4 Bb4+ 7. Nc3 Nf6 8.
Nf3 O-O 9. Bd3 b6 10. Bg5 h6 11. Bxf6 Qc7 12. Be5 Bxc3+ 13. Kf1 1-0

[Event "L. Polugaevsky Memorial 2012"]
[Site "Samara"]
[Date "2012.07.06"]
[Round "2.39"]
[White "Orekhov, Vladislav"]
[Black "Kobylsky, Evgeny"]
[Result "0-1"]
[WhiteElo "1792"]
[BlackElo "2091"]
[PlyCount "54"]
[EventDate "2012.07.05"]

1. e4 e5 2. Nf3 Nc6 3. Bc4 Nf6 4. d4 exd4 5. O-O Nxe4 6. Re1 d5 7. Bxd5 Qxd5 8.
Nc3 Qa5 9. Nxe4 Be6 10. Neg5 O-O-O 11. Nxe6 fxe6 12. Rxe6 Bd6 13. Bg5 Rdf8 14.
Qe2 a6 15. Bd2 Qh5 16. h3 Qf7 17. a3 Qd7 18. Re1 g5 19. Qe4 Rhg8 20. Qg4 h5 21.
Qxh5 Kb8 22. Qg4 Qf7 23. R6e2 {%07-2074866412} Bf4 24. Qe6 Qh5 25. Bxf4 gxf4
26. Re4 Nd8 27. Qd7 Qxf3 0-1

[Event "L. Polugaevsky Memorial 2012"]
[Site "Samara"]
[Date "2012.07.06"]
[Round "2.40"]
[White "Afanasiev, Dmitry"]
[Black "Vdovin, Maxim"]
[Result "1-0"]
[WhiteElo "2068"]
[BlackElo "1752"]
[PlyCount "65"]
[EventDate "2012.07.05"]

1. e4 c5 2. Nf3 d6 3. d4 cxd4 4. Nxd4 Nf6 5. Nc3 g6 6. Be3 Bg7 7. f3 O-O 8. Qd2
Nc6 9. Bc4 Bd7 10. h4 Rc8 11. Bb3 h5 12. O-O-O Na5 13. Kb1 Nxb3 14. axb3 b5 15.
g4 a5 16. Bh6 a4 17. Nf5 Bxf5 18. gxf5 axb3 19. cxb3 Nd7 20. Rhg1 Ne5 21. Rg3
Ra8 22. Nd5 Re8 23. Bxg7 Kxg7 24. fxg6 fxg6 25. Nf4 Kh7 26. Nxg6 Qa5 27. Qxa5
Rxa5 28. Nxe5 dxe5 29. Rd5 Rea8 30. Rxe5 Ra1+ 31. Kc2 Rc8+ 32. Kd2 Rb1 33.
Rxh5# 1-0

[Event "L. Polugaevsky Memorial 2012"]
[Site "Samara"]
[Date "2012.07.06"]
[Round "2.41"]
[White "Sinyanskiy, Maxim"]
[Black "Sorochan, Dmitry"]
[Result "1-0"]
[WhiteElo "1753"]
[BlackElo "2068"]
[PlyCount "73"]
[EventDate "2012.07.05"]

1. e4 Nf6 2. Nc3 d6 3. Nf3 c5 4. d4 cxd4 5. Qxd4 Nc6 6. Bb5 Bd7 7. Bxc6 Bxc6 8.
Bg5 e6 9. O-O-O Be7 10. Rhe1 Qa5 11. Nd5 Bxd5 12. exd5 Qxa2 13. dxe6 fxe6 14.
Re3 Qa1+ 15. Kd2 Qa5+ 16. b4 Qf5 17. Rde1 e5 18. Nxe5 Rc8 19. Nd3 Qxg5 20. f4
Qxg2+ 21. R1e2 Qd5 22. Rxe7+ Kf8 23. Qxa7 Qc6 24. Qxb7 Qxc2+ 25. Ke1 Qc3+ 26.
Kf1 Qc4 27. Rf7+ Qxf7 28. Qxc8+ Ne8 29. b5 g5 30. b6 Kg7 31. b7 Qd5 32. Qd7+
Kg6 33. Qe6+ Qxe6 34. Rxe6+ Nf6 35. Rxd6 Kf5 36. Ne5 Kxf4 37. Nc6 1-0

[Event "L. Polugaevsky Memorial 2012"]
[Site "Samara"]
[Date "2012.07.06"]
[Round "2.42"]
[White "Komendatyan, Artyom"]
[Black "Loginov, Ilya"]
[Result "1-0"]
[WhiteElo "2036"]
[BlackElo "1740"]
[PlyCount "73"]
[EventDate "2012.07.05"]

1. Nf3 Nf6 2. c4 g6 3. b3 Bg7 4. Bb2 d6 5. e3 O-O 6. d4 Nbd7 7. Nc3 e5 8. Be2
e4 9. Nd2 Re8 10. Qc2 Qe7 11. g4 h6 12. h4 g5 13. O-O-O Nf8 14. Rdg1 c6 15. Nf1
a6 16. hxg5 hxg5 17. Ng3 Nxg4 18. Ngxe4 Nxf2 19. Nxf2 Qxe3+ 20. Kb1 Qxf2 21.
Rxg5 Ng6 22. Rf1 Qe3 23. Rfg1 Qxd4 24. Nd1 Qf4 25. Bxg7 Rxe2 26. Qxe2 Bf5+ 27.
Kb2 Kxg7 28. Nc3 a5 29. Qg2 a4 30. a3 axb3 31. Rf1 Qxc4 32. Rgxf5 Rf8 33. Qf2
b5 34. Rf6 Ne5 35. Rg1+ Ng6 36. Rgxg6+ fxg6 37. Rxf8 1-0

[Event "L. Polugaevsky Memorial 2012"]
[Site "Samara"]
[Date "2012.07.06"]
[Round "2.43"]
[White "Rumyantsev, Nikolay"]
[Black "Chekletsov, Ilya"]
[Result "0-1"]
[WhiteElo "1742"]
[BlackElo "2021"]
[PlyCount "180"]
[EventDate "2012.07.05"]

1. e4 c5 2. c3 g6 3. d4 cxd4 4. cxd4 d5 5. e5 Nc6 6. Nc3 Bg7 7. h3 Nh6 8. Nf3
O-O 9. Bg5 f6 10. exf6 exf6 11. Be3 Nf5 12. Bd3 Re8 13. Qd2 Bh6 14. Nd1 Ncxd4
15. Nxd4 Nxd4 16. Bxg6 hxg6 17. Qxd4 Re4 18. Qd2 Be6 19. O-O Bf8 20. Bd4 Bg7
21. Nc3 Rh4 22. Qe3 Qd7 23. f4 Bf7 24. Bxa7 b5 25. Bd4 Re8 26. Qf2 Rh5 27. a3
Be6 28. Rae1 Rh8 29. Qe2 Kh7 30. Qxb5 Qd6 31. Qd3 Bf5 32. Qf3 Be4 33. Nxe4 dxe4
34. Qe3 Rd8 35. Bc3 Rhe8 36. Rf2 Qc6 37. Rd2 Rxd2 38. Qxd2 Bf8 39. Rd1 Bc5+ 40.
Kh1 Re7 41. Bb4 e3 42. Qc3 e2 43. Re1 Bxb4 44. axb4 Qe4 45. Qxf6 Qxb4 46. Qh4+
Kg7 47. Kg1 Qd4+ 48. Qf2 Qxb2 49. g3 Qd2 50. Kg2 Re3 51. h4 Qd5+ 52. Kh2 Qe4
53. Qg2 Qe7 54. Qf2 Qe6 55. Kg2 Qd5+ 56. Kh2 Qd2 57. Kg2 Kf6 58. Kh2 Ke6 59.
Kg2 Kf5 60. Kh3 Ke6 61. Kh2 Kf6 62. Kg2 Kg7 63. Kh2 Kf6 64. Kg2 Ke6 65. Kh2 Ke7
66. Kg2 Qd3 67. Kh2 Kd7 68. Qg2 Kd6 69. Qf2 Kd5 70. Qg2+ Qe4 71. Qf2 Kc4 72.
Kg1 Kd3 73. Kh2 Qf3 74. Qxf3 Rxf3 75. Kg2 Re3 76. Kf2 Kd2 77. g4 Re4 78. h5
Rxf4+ 79. Kg3 Kxe1 80. Kxf4 Kf1 81. hxg6 e1=Q 82. Kg5 Qe8 83. Kf6 Qg8 84. g7
Kf2 85. g5 Kf3 86. Kg6 Kf4 87. Kf6 Ke4 88. Kg6 Ke5 89. Kh6 Kf5 90. g6 Kf6 0-1

[Event "L. Polugaevsky Memorial 2012"]
[Site "Samara"]
[Date "2012.07.06"]
[Round "2.44"]
[White "Kalashnikova, Elena"]
[Black "Shapiro, David"]
[Result "0-1"]
[WhiteElo "1706"]
[BlackElo "2007"]
[PlyCount "72"]
[EventDate "2012.07.05"]

1. e4 c5 2. Nf3 Nc6 3. Bb5 e6 4. Bxc6 bxc6 5. O-O Ne7 6. c3 Ng6 7. d4 cxd4 8.
cxd4 Be7 9. Nc3 O-O 10. Qb3 d5 11. e5 Qb6 12. Qc2 Rb8 13. Na4 Qc7 14. Bg5 Bxg5
15. Nxg5 f6 16. Nf3 fxe5 17. dxe5 Nxe5 18. Ng5 Rf5 19. f4 Ng4 20. Rae1 Rxg5 21.
h3 Rb4 22. hxg4 Rxg4 23. f5 Rxa4 24. fxe6 Qb6+ 25. Rf2 Rae4 26. Rxe4 Rxe4 27.
Qxe4 dxe4 28. e7 Qxf2+ 29. Kxf2 Kf7 30. Ke3 Kxe7 31. Kxe4 Ke6 32. Kd4 g5 33.
Kc5 h5 34. Kxc6 h4 35. Kc7 g4 36. Kxc8 h3 0-1

[Event "L. Polugaevsky Memorial 2012"]
[Site "Samara"]
[Date "2012.07.06"]
[Round "2.45"]
[White "Bykova, Anastasia"]
[Black "Kiryushova, Dariya"]
[Result "1-0"]
[WhiteElo "2005"]
[BlackElo "1617"]
[PlyCount "141"]
[EventDate "2012.07.05"]

1. d4 d5 2. Nf3 e6 3. c4 dxc4 4. Qa4+ Nc6 5. Qxc4 Nf6 6. g3 Bd6 7. Bg2 O-O 8.
O-O Re8 9. Rd1 Qe7 10. Nbd2 e5 11. dxe5 Nxe5 12. Nxe5 Qxe5 13. Bf3 Rb8 14. Qa4
a6 15. Nc4 Bd7 16. Qc2 Qc5 17. Be3 Bf5 18. Bxc5 Bxc2 19. Nxd6 cxd6 20. Rxd6 Ne4
21. Bxe4 Bxe4 22. Rad1 Bc6 23. Kf1 Bb5 24. R1d2 h6 25. f3 Rbc8 26. b4 Rc6 27.
Rxc6 Bxc6 28. Kf2 f5 29. Rd4 Kf7 30. g4 fxg4 31. Rf4+ Ke6 32. Rxg4 g5 33. Rd4
Kf6 34. Rd6+ Re6 35. Rd8 Re8 36. Rd4 Re6 37. Rg4 Bb5 38. Be3 Kf5 39. h4 Rg6 40.
Bd2 Bd7 41. Rd4 Bc6 42. hxg5 hxg5 43. Kg3 Re6 44. e4+ Kg6 45. Kg4 Re7 46. Rd6+
Kg7 47. Kxg5 Rd7 48. Bc3+ Kf7 49. Rxd7+ Bxd7 50. f4 Be6 51. a3 Bc4 52. f5 Bd3
53. e5 Bc4 54. Kf4 Ke7 55. e6 Bxe6 56. fxe6 Kxe6 57. Ke4 Kd6 58. Kd4 Kc6 59. a4
Kb6 60. Kc4 Kc6 61. Be5 Kb6 62. Kd5 a5 63. b5 Ka7 64. Bc7 b6 65. Kc6 Ka8 66.
Bxb6 Kb8 67. Bxa5 Ka7 68. b6+ Ka8 69. b7+ Kb8 70. Bc7+ Ka7 71. b8=Q+ 1-0

[Event "L. Polugaevsky Memorial 2012"]
[Site "Samara"]
[Date "2012.07.06"]
[Round "2.46"]
[White "Bogolepov, Grigory"]
[Black "Jurkina, Yulia"]
[Result "1/2-1/2"]
[WhiteElo "1614"]
[BlackElo "1999"]
[PlyCount "128"]
[EventDate "2012.07.05"]

1. d4 Nf6 2. Nf3 e6 3. e3 c5 4. Bd3 Be7 5. O-O O-O 6. b3 Re8 7. Bb2 d6 8. Nbd2
Nc6 9. a3 Qc7 10. h3 e5 11. c4 Bf8 12. dxe5 dxe5 13. Ne4 Be7 14. Qc2 h6 15. Bc3
Nd7 16. Ng3 Nf8 17. Qb2 f6 18. Nh4 Be6 19. Ngf5 Rad8 20. Qc2 Rd7 21. Rad1 Red8
22. Qe2 Bxf5 23. Nxf5 Ne6 24. Bc2 Rxd1 25. Rxd1 Rxd1+ 26. Qxd1 Ncd8 27. Qg4 Kf8
28. Kf1 Bd6 29. Qd1 Nf7 30. Qd5 Ned8 31. b4 cxb4 32. axb4 Qc6 33. Qd3 b6 34.
Qe4 Qxe4 35. Bxe4 Bc7 36. Ke2 Nd6 37. Bd3 Nxf5 38. Bxf5 Kf7 39. g4 Bd6 40. Be4
Ke7 41. Kd3 Ne6 42. h4 a5 43. c5 Bxc5 44. bxa5 bxa5 45. Bxa5 Bd6 46. Kc4 Nc5
47. Bf5 Ne6 48. Kd5 Nc7+ 49. Kc6 Ne6 50. Bb6 Bb8 51. Kd5 Nc7+ 52. Ke4 Ne6 53.
Bxe6 Kxe6 54. h5 Bd6 55. f4 exf4 56. exf4 Bb4 57. Bd4 Bf8 58. Bc3 Kf7 59. Kf5
Be7 60. Bd2 Bc5 61. g5 fxg5 62. fxg5 hxg5 63. Bxg5 Bd6 64. Bd2 Bc5 1/2-1/2

[Event "L. Polugaevsky Memorial 2012"]
[Site "Samara"]
[Date "2012.07.06"]
[Round "2.47"]
[White "Elistratov, Semen"]
[Black "Zernov, Egor"]
[Result "1-0"]
[WhiteElo "1985"]
[BlackElo "1498"]
[PlyCount "71"]
[EventDate "2012.07.05"]

1. e4 c5 2. Nf3 Nc6 3. d4 cxd4 4. Nxd4 g6 5. c4 Bg7 6. Be3 Nf6 7. Nc3 O-O 8.
Be2 d6 9. O-O Qc7 10. Qd2 Ne5 11. Rac1 Bg4 12. f3 Bd7 13. b4 a5 14. Nd5 Nxd5
15. cxd5 Qd8 16. b5 Rc8 17. b6 f5 18. Rxc8 Qxc8 19. Rc1 Qd8 20. h3 fxe4 21.
fxe4 Rf7 22. Qxa5 Qf8 23. Qd2 Qe8 24. Rc7 e6 25. Rxb7 exd5 26. exd5 Re7 27. Bf2
Nf7 28. Ne6 Bxe6 29. Rxe7 Qxe7 30. dxe6 Qxe6 31. b7 Qe8 32. Qb4 Qxe2 33. b8=Q+
Bf8 34. a4 Qd1+ 35. Kh2 Ne5 36. Qb3+ 1-0

[Event "L. Polugaevsky Memorial 2012"]
[Site "Samara"]
[Date "2012.07.06"]
[Round "2.49"]
[White "Semenova, Alena"]
[Black "Alieva, Viktoria"]
[Result "1-0"]
[WhiteElo "1957"]
[BlackElo "1443"]
[PlyCount "79"]
[EventDate "2012.07.05"]

1. e4 c5 2. b3 e6 3. Bb2 d5 4. exd5 exd5 5. Bb5+ Bd7 6. Bxd7+ Nxd7 7. Ne2 Ngf6
8. O-O Be7 9. d3 O-O 10. Nd2 Nb6 11. Ng3 Qd7 12. Nf3 d4 13. Re1 Rfe8 14. Bc1
Nbd5 15. Bd2 Bd6 16. Ne4 Nxe4 17. dxe4 Nc7 18. Qe2 Re7 19. Qd3 Rae8 20. Re2 f5
21. e5 Bxe5 22. Nxe5 Rxe5 23. Rxe5 Rxe5 24. Bf4 Re7 25. Bxc7 Qxc7 26. Qxf5 Qe5
27. Qxe5 Rxe5 28. Kf1 Kf7 29. a4 a5 30. Re1 Ke6 31. Rxe5+ Kxe5 32. Ke2 Kd5 33.
Kd3 b6 34. f4 h5 35. g3 g6 36. h3 Kc6 37. Ke4 Kd6 38. g4 h4 39. f5 gxf5+ 40.
gxf5 1-0

[Event "L. Polugaevsky Memorial 2012"]
[Site "Samara"]
[Date "2012.07.07"]
[Round "3.2"]
[White "Nakhapetiane, Pogos"]
[Black "Kokarev, Dmitry"]
[Result "1/2-1/2"]
[WhiteElo "2497"]
[BlackElo "2616"]
[PlyCount "45"]
[EventDate "2012.07.05"]

1. e4 c5 2. Nf3 d6 3. d4 cxd4 4. Nxd4 Nf6 5. Nc3 Nc6 6. Bg5 e6 7. Qd2 Be7 8.
O-O-O Nxd4 9. Qxd4 O-O 10. e5 dxe5 11. Qxe5 Bd7 12. Bb5 a6 13. Bxd7 Nxd7 14.
Bxe7 Nxe5 15. Bxd8 Rfxd8 16. Ne4 b6 17. Rhe1 Nc6 18. c3 Kf8 19. Nd6 Ke7 20.
Nf5+ Kf6 21. Nd6 Ke7 22. Nf5+ Kf6 23. Nd6 1/2-1/2

[Event "L. Polugaevsky Memorial 2012"]
[Site "Samara"]
[Date "2012.07.07"]
[Round "3.3"]
[White "Gabrielian, Artur"]
[Black "Goganov, Aleksey"]
[Result "1/2-1/2"]
[WhiteElo "2594"]
[BlackElo "2509"]
[PlyCount "50"]
[EventDate "2012.07.05"]

1. e4 e5 2. Nf3 Nc6 3. Bb5 Nf6 4. O-O Nxe4 5. d4 Nd6 6. Bxc6 dxc6 7. dxe5 Nf5
8. Qxd8+ Kxd8 9. Nc3 Bd7 10. h3 b6 11. a4 a5 12. Rd1 Kc8 13. g4 Ne7 14. Ng5 f5
15. Nf7 Rg8 16. Re1 h6 17. e6 Be8 18. Be3 g5 19. Bd4 Ng6 20. Rad1 Nh4 21. Re3
Kb7 22. Kf1 Rg6 23. Nh8 Rg8 24. Nf7 Rg6 25. Nh8 Rg8 1/2-1/2